000 01042nam a22002537a 4500
005 20170124103154.0
010 _aB-091762
020 _c120.00
_a818808167
035 _aB-091762
037 _bCen Lib/Ret
040 _aDPL
_bHN
082 _a827
_bदुबेच
100 _aदुबे, चन्द्रशेखर
_943083
245 _aदुशाले में जूते /
_cचन्द्रशेखर दुबे
246 _aDushale mein joote /
_bby Chander Shekhar Dube
260 _aदिल्ली
_bदिशा प्रकाशन
_c2003
270 _a138/16, ओंकार नगर-बी, त्रिनगर
_bदिल्ली
_e110035
300 _a120पृ.
_c21सेमी (सजिल्द)
650 _aहिन्दी साहित्य
_989074
650 _aसाहित्य में व्यंग्य
_989075
650 _aHindi literature
_989076
650 _aSatire in literature
_989077
942 _2ddc
_cHN
_h827
_mदुबेच
999 _c120194
_d120194